| 000 | 01309cam a22003134a 4500 | ||
|---|---|---|---|
| 001 | 13674830 | ||
| 003 | ARRUPE | ||
| 005 | 20141216132147.0 | ||
| 008 | 040803s2005 maua b 001 0 eng | ||
| 010 | _a 2004054091 | ||
| 020 | _a0618104690 | ||
| 040 |
_aDLC _cDLC _dDLC |
||
| 042 | _apcc | ||
| 043 | _ae-uk--- | ||
| 050 | 0 | 0 |
_aHT1163 _b.H63 2005 |
| 082 | 0 | 0 |
_a326/.8/0941 _222 |
| 100 | 1 |
_aHochschild, Adam. _913448 |
|
| 245 | 1 | 0 |
_aBury the chains : _bthe British struggle to abolish slavery / _cAdam Hochschild. |
| 260 |
_aBoston : _bHoughton Mifflin, _cc2005. |
||
| 300 |
_aviii, 468 p. : _bill. ; _c24 cm. |
||
| 504 | _aIncludes bibliographical references (p. 409-427) and index. | ||
| 650 | 0 |
_aAntislavery movements _zGreat Britain _xHistory _y18th century. _913449 |
|
| 650 | 0 |
_aAntislavery movements _zGreat Britain _xHistory _y19th century. _913450 |
|
| 856 | 4 | 2 |
_3Publisher description _uhttp://www.loc.gov/catdir/description/hm051/2004054091.html |
| 856 | 4 | 2 |
_3Contributor biographical information _uhttp://www.loc.gov/catdir/enhancements/fy0736/2004054091-b.html |
| 906 |
_a7 _bcbc _corignew _d1 _eocip _f20 _gy-gencatlg |
||
| 942 |
_2lcc _cMONOGRAPH |
||
| 999 |
_c121517 _d121517 |
||